000 00685nam a2200193 i 4500
001 82050
003 ES-MaACL
007 t|
008 041119s1904 pl ||||1| pol d
080 _a821.162.1-31"19"
100 1 _aGlowacki, Alexandre.
_957454
245 1 0 _aPisma Boleslawa Prusa /
_cAleksandra Glowackiego ; naklad Adama Hr. Krasinskiego i Antoniego Osuchowskiego.
260 _aWarszawa :
_bSklad Glowny W. Ksiegarni Gebethnera i Wolffa,
_c1904.
300 _a2 v. :
_bretr. del autor ;
_c20 cm.
500 _aPrecede al tit.: Wydanie Jubileuszowe.
700 1 _aKrasinskiego, Adama HR.
_968740
700 1 _aOsuchowskiego, Antoniego.
_987835
852 _aES-MaACL
_jG-1105-6
999 _c82050
_d82050